Twenty One Pilots - Center Mass (Lyrics) - Statistics

General Stats
  • This quiz has been taken 81 times
  • The average score is 356 of 451
Answer Stats
Answer % Correct
I
100%
it
100%
the
98%
to
98%
A
95%
a
95%
center
95%
mass,
95%
you
95%
You
95%
call
93%
for
93%
my
93%
My
93%
no
93%
that
93%
That
93%
they
93%
They
93%
aim
90%
and
90%
part
90%
right?
90%
Right
90%
right
90%
So,
90%
So
90%
so,
90%
so
90%
what
90%
What
90%
be
85%
down
85%
me,
85%
nothing
85%
Nothing
85%
this
85%
us,
85%
know
83%
know,
83%
when
83%
as
80%
don't
80%
in
80%
of
80%
on
80%
out
80%
body,
78%
close
78%
cover
78%
little
78%
than
78%
used
78%
Used
78%
want
78%
way
78%
arms
76%
closer
76%
go
76%
pain's
76%
say
76%
small
76%
soft
76%
think
76%
Bring
73%
can
73%
face
73%
get
73%
half
73%
I'm
73%
miss
73%
softer
73%
take
73%
Take
73%
with
73%
from
71%
got
71%
hands
71%
is
71%
pull
71%
run
71%
run-
71%
Shrink
71%
off
68%
forgetting
68%
funeral
68%
granted
68%
lied,
68%
lied
68%
much,
68%
off
68%
sentence
68%
shirtsleeve
68%
shirtsleeve,
68%
skin
68%
after
66%
figured
66%
good
66%
just
66%
make
66%
took
66%
wanna
66%
worse
66%
all
63%
did
63%
hurt
63%
intentions
63%
let
63%
said
63%
went
63%
Found
61%
happened,
61%
hope
61%
how
61%
Now
61%
only
61%
grade
59%
had
59%
made
59%
same
59%
tattoos
59%
tell
59%
understand
59%
was
59%
Well
59%
worth,
59%
Your
59%
artillery
56%
day,
56%
day
56%
middle
56%
up
56%
fades
54%
first
54%
if
54%
meaning
54%
thought
54%
top
54%
you're
54%
anxious
51%
enough
51%
mouth
51%
seat
51%
fifth
49%
Okay,
49%
okay
49%
shoulders
49%
at
46%
space
46%
spots
46%
tighter
46%
Chivalry
44%
cough
44%
drops
44%
frustrated
44%
he
44%
often
44%
reservation
44%
bus
41%
Hoping
41%
more,
41%
pinch
41%
Chain's
37%
dark,
37%
huff,
37%
mate
37%
misplace
37%
once,
37%
once
37%
Spread
37%
Try
37%
tried
34%
wide
34%
looking
32%
park
32%
persuade
32%
getting
29%
kids
29%
shown
27%
never
24%
walk,
24%
Gotta
22%
No matching quizzes found
Score Distribution
Percent of People with Each Score
Percentile by Number Answered
Your Score History
You have not taken this quiz